[Event "Challenge"]
[Site "http://www.queenalice.com/game.php?id=303377"]
[Date "2007.11.13"]
[Round "-"]
[White "appalachia"]
[Black "fazag"]
[Result "0-1"]
[WhiteElo "1375"]
[BlackElo "1440"]

1. g4 d5 2. h3 Nf6 3. d4 Bd7 4. Nf3 e6 5. Ne5 Nc6 6. Nxc6 Bxc6 7. g5 Ne4 8. h4
Be7 9. Be3 Bb4+ 10. c3 Ba5 11. Bd2 O-O 12. Bg2 Nxd2 13. Nxd2 f6 14. b4 Bb6 15.
e4 fxg5 16. hxg5 Qxg5 17. O-O dxe4 18. Qe2 e3 19. Qxe3 Qxg2# 0-1

[Event "Challenge"]
[Site "http://www.queenalice.com/game.php?id=303392"]
[Date "2007.11.13"]
[Round "-"]
[White "fazag"]
[Black "appalachia"]
[Result "1-0"]
[WhiteElo "1398"]
[BlackElo "1375"]

1. d4 d5 2. Nc3 Qd6 3. g3 e5 4. dxe5 Qxe5 5. Nxd5 Nf6 6. Nxf6+ Qxf6 7. Nf3 Be7
8. Bg2 O-O 9. Bg5 Qxb2 10. Bxe7 Re8 11. O-O Rxe7 12. Qd8+ 1-0

[Event "Challenge"]
[Site "http://www.queenalice.com/game.php?id=306692"]
[Date "2007.11.19"]
[Round "-"]
[White "russanow1"]
[Black "fazag"]
[Result "0-1"]
[WhiteElo "1516"]
[BlackElo "1484"]

1. e4 d5 2. e5 Nc6 3. d4 e6 4. c3 g6 5. Nf3 Bg7 6. Na3 Nh6 7. b4 O-O 8. h4 f6 9.
Bxh6 Bxh6 10. g3 fxe5 11. Nxe5 Qf6 12. Qg4 Nxe5 13. Qe2 Nd3+ 14. Qxd3 Qxf2+ 15.
Kd1 e5 16. dxe5 Bf5 17. Qxd5+ Kh8 18. e6 Rad8 19. Qxd8 Rxd8+ 0-1

[Event "AUTO-OPEN-907"]
[Site "http://www.queenalice.com/game.php?id=306753"]
[Date "2007.11.19"]
[Round "1"]
[White "fazag"]
[Black "chiknya"]
[Result "1-0"]
[WhiteElo "1563"]
[BlackElo "1100"]

1. d4 b6 2. e4 Bb7 3. Nc3 e6 4. Bf4 Bb4 5. Qg4 Bxc3+ 6. bxc3 g6 7. Qf3 Nf6 8.
Bb5 Nxe4 9. Qe3 a6 10. Ba4 b5 11. Bb3 Nd6 12. Nf3 Nc6 13. O-O Nf5 14. Qe2 Qe7
15. Bxc7 d6 16. Bb6 Rb8 17. d5 Nd8 18. dxe6 f6 19. Rfe1 Bxf3 20. Qxf3 Rxb6 21.
a4 b4 22. a5 Rb8 23. cxb4 Rxb4 24. Qc3 Rb7 25. Qc8 Kf8 26. Bd5 Ra7 27. Rab1 Kg7
28. Rb8 Rc7 29. Qxa6 Ra7 30. Qb6 Nf7 31. Rb7 Rxb7 32. Qxb7 Ne5 33. a6 Re8 34.
Ra1 Nd4 35. a7 Qxb7 36. Bxb7 Nxc2 37. a8=Q Rxa8 38. Rxa8 Nd4 39. e7 1-0

[Event "AUTO-OPEN-907"]
[Site "http://www.queenalice.com/game.php?id=306754"]
[Date "2007.11.19"]
[Round "1"]
[White "chiknya"]
[Black "fazag"]
[Result "1-0"]
[WhiteElo "1386"]
[BlackElo "1575"]

1. d4 d5 2. Nf3 Nf6 3. Bg5 e6 4. e3 Be7 5. Bd3 c5 6. c3 c4 7. Bc2 Qb6 8. Qc1 Nc6
9. Nbd2 Bd7 10. O-O h6 11. Bh4 O-O 12. b3 Qc7 13. bxc4 dxc4 14. Nxc4 Rfe8 15.
Qd2 Ng4 16. Bxe7 Nxe7 17. h3 Nf6 18. Nce5 Bb5 19. Rfd1 Rac8 20. Rac1 Qxc3 21.
Qxc3 Rxc3 22. Bh7+ Kxh7 23. Rxc3 Kg8 24. Rc7 Ned5 25. Rxb7 a6 26. Nxf7 Nc3 27.
Rd2 Nfe4 28. Rb2 Rf8 29. N7e5 Ne2+ 30. Kh2 Nxf2 31. Ng6 Rd8 32. R7xb5 axb5 33.
Rxe2 Ne4 34. Rb2 Kh7 35. Nfe5 Rb8 36. Nf4 g5 37. Nxe6 b4 38. a3 b3 39. Nc5 Kg7
40. Nxe4 Rb7 41. Nc5 Rb8 42. Rxb3 Re8 43. Rb7+ Kg8 44. a4 h5 45. a5 h4 46. a6 g4
47. hxg4 h3 48. gxh3 Rf8 49. a7 Ra8 50. Rb8+ Rxb8 51. axb8=Q+ Kg7 52. Qd6 1-0

[Event "AUTO-OPEN-907"]
[Site "http://www.queenalice.com/game.php?id=306755"]
[Date "2007.11.19"]
[Round "1"]
[White "fazag"]
[Black "jbrcron"]
[Result "1-0"]
[WhiteElo "1570"]
[BlackElo "1577"]

1. e4 e5 2. Qh5 Nc6 3. Bb5 Nf6 4. Qg5 d6 5. Nc3 Be7 6. Qxg7 Rf8 7. Bxc6+ bxc6 8.
d3 Ba6 9. Bg5 d5 10. Bxf6 Bxf6 11. Qxh7 Qd6 12. Nf3 d4 13. Ne2 O-O-O 14. c3 dxc3
15. Qf5+ Rd7 16. bxc3 1-0

[Event "AUTO-OPEN-907"]
[Site "http://www.queenalice.com/game.php?id=306756"]
[Date "2007.11.19"]
[Round "1"]
[White "jbrcron"]
[Black "fazag"]
[Result "0-1"]
[WhiteElo "1595"]
[BlackElo "1552"]

1. e4 e5 2. Nf3 Nc6 3. d3 Qf6 4. Be2 Bc5 5. Bd2 Nd4 6. Nc3 c6 7. O-O Qg6 8. Nxe5
Qf6 9. Ng4 Qg6 10. Ne5 Qf6 11. Nf3 Nxe2+ 12. Qxe2 Ne7 13. e5 Qg6 14. Na4 b6 15.
Nxc5 bxc5 16. Be3 O-O 0-1

[Event "AUTO-OPEN-907"]
[Site "http://www.queenalice.com/game.php?id=306757"]
[Date "2007.11.19"]
[Round "1"]
[White "fazag"]
[Black "erbe"]
[Result "1-0"]
[WhiteElo "1515"]
[BlackElo "1591"]

1. d4 Nf6 2. Nc3 d5 3. Bf4 Bf5 4. Nb5 Na6 5. a3 e6 6. e3 Qd7 7. Nf3 Ne4 8. Ne5
Qe7 9. f3 Nd6 10. Nc3 f6 11. Bxa6 bxa6 12. Nc6 Qd7 13. Nb4 a5 14. Nd3 Bxd3 15.
Qxd3 Nc4 16. b3 Nxa3 17. O-O Bd6 18. Bxd6 Qxd6 19. Nb5 Nxb5 20. Qxb5+ c6 21.
Qxa5 O-O 22. Qc3 h6 23. Ra6 Rfc8 24. Rfa1 Qd7 25. Qc5 Kh8 26. Rxa7 Rxa7 27. Rxa7
Qe8 28. Qd6 f5 29. Rc7 Rxc7 30. Qxc7 Kh7 31. Kf2 h5 32. g3 Kh6 33. h4 Kg6 34. b4
Kf6 35. Qf4 Qg6 36. Qe5+ Kf7 37. Qc7+ Kg8 38. Qxc6 Qf7 39. b5 Qe8 40. Qxe8+ 1-0

[Event "AUTO-OPEN-907"]
[Site "http://www.queenalice.com/game.php?id=306758"]
[Date "2007.11.19"]
[Round "1"]
[White "erbe"]
[Black "fazag"]
[Result "1-0"]
[WhiteElo "1546"]
[BlackElo "1512"]

1. e4 e5 2. Nf3 Nc6 3. Bc4 h6 4. d4 exd4 5. Nxd4 Bc5 6. O-O Nxd4 7. Be3 Qf6 8.
c3 Nf3+ 9. gxf3 Qg6+ 10. Kh1 d5 11. Qxd5 Bd6 12. Bb5+ c6 13. Bxc6+ bxc6 14.
Qxc6+ Ke7 15. Qxa8 Bh3 16. Qxa7+ Ke8 17. Rg1 Qh5 18. Qa8+ Ke7 19. Qb7+ Kf6 20.
e5+ Bxe5 21. Qc6+ Kf5 22. Qe4+ Ke6 23. Qc6+ Kf5 24. Qe4+ Kf6 25. Bf4 Bxf4 26.
Qxf4+ Bf5 27. Qd6+ Be6 28. Nd2 Ne7 29. Rae1 Nf5 30. Ne4# 1-0

[Event "Challenge"]
[Site "http://www.queenalice.com/game.php?id=310546"]
[Date "2007.11.26"]
[Round "-"]
[White "eduardofelix"]
[Black "fazag"]
[Result "0-1"]
[WhiteElo "1704"]
[BlackElo "1576"]

1. d4 d5 2. e3 Bf5 3. Bb5+ c6 4. Bd3 Qd7 5. Nf3 Bg4 6. h3 Bh5 7. O-O f6 8. c3 e5
9. dxe5 fxe5 10. Be2 Nf6 11. Nxe5 Bxe2 12. Qxe2 Qe6 13. Nd3 Bd6 14. b3 c5 15.
Ba3 Na6 16. Re1 Bc7 17. Bxc5 Nxc5 18. Nxc5 Qd6 19. Qb5+ Ke7 20. g3 a6 21. Qb4
Rab8 22. Qd4 Bb6 23. b4 Bxc5 24. Qxc5 Qxc5 25. bxc5 Rbc8 26. a3 Rxc5 27. a4 Ne4
28. Ra3 Rf8 29. Rf1 Ra5 30. h4 b5 31. axb5 Rxa3 32. Nxa3 Nxc3 33. bxa6 Ra8 34.
Ra1 Rxa6 35. Nc2 Rd6 36. Ra7+ Kf6 37. Ra5 Ne4 38. Nb4 d4 39. Rd5 dxe3 40. Rxd6+
Nxd6 41. fxe3 Kf5 42. Kf2 Kg4 43. Nd3 Ne4+ 44. Kg2 Nxg3 45. Kf2 Kxh4 46. Kf3 g6
47. e4 Nh5 48. e5 Kg5 49. Ke4 Ng7 50. Nc5 h5 51. Kd5 Kf5 52. Kd6 h4 53. e6 h3
54. e7 h2 55. Ne6 Ne8+ 56. Kd7 Nf6+ 57. Kd6 h1=Q 58. Kc5 Kxe6 59. e8=Q+ Nxe8 60.
Kd4 g5 61. Ke3 g4 62. Kf4 Qf3+ 63. Kg5 g3 64. Kh4 g2 65. Kg5 g1=Q+ 66. Kh4 Qgg4#
0-1

[Event " !!JOGAR SO JOGAR!!"]
[Site "http://www.queenalice.com/game.php?id=312082"]
[Date "2007.11.29"]
[Round "-"]
[White "charlao"]
[Black "fazag"]
[Result "0-1"]
[WhiteElo "1611"]
[BlackElo "1547"]

1. e4 e5 2. Nc3 Nf6 3. d4 exd4 4. Qxd4 Nc6 5. Qe3 Qe7 6. Qd3 Nxe4 7. Nb5 Ng3+ 8.
Ne2 Nxh1 9. Nxc7+ Kd8 10. Nxa8 Qc5 11. g3 Nb4 12. Qa3 Nxc2+ 13. Kd1 Nxa3 14.
bxa3 Nxf2+ 15. Ke1 Ne4 16. Bg2 Qf2+ 0-1

[Event "Challenge"]
[Site "http://www.queenalice.com/game.php?id=314235"]
[Date "2007.12.3"]
[Round "-"]
[White "fazag"]
[Black "Darkclouds"]
[Result "0-1"]
[WhiteElo "1563"]
[BlackElo "1670"]

1. e4 d5 2. f3 dxe4 3. fxe4 e5 4. d4 exd4 5. Bc4 Nc6 6. Qf3 Nf6 7. Ne2 Bb4+ 8.
Bd2 Ne5 9. Qb3 Bxd2+ 10. Nxd2 Nxc4 11. Qxc4 O-O 12. Nxd4 Nxe4 13. Qd3 Nxd2 14.
Qxd2 Re8+ 15. Kf2 Qf6+ 16. Kg1 b6 17. h4 Bb7 18. Kh2 Qxh4+ 19. Kg1 Qg4 20. Rh2
Rad8 21. c3 c5 22. Qd3 g6 23. Qc4 cxd4 24. Rf1 Bd5 25. Qc7 d3 26. c4 Qxc4 27.
Qxa7 Qxa2 28. Qxb6 d2 29. g3 Be6 30. Qb4 d1=Q 31. Rxd1 Rxd1+ 32. Kg2 Red8 33.
Kf3 Qd5+ 34. Kf4 Rd4+ 0-1

[Event "AUTO-OPEN-923"]
[Site "http://www.queenalice.com/game.php?id=314548"]
[Date "2007.12.4"]
[Round "1"]
[White "Capixaba789"]
[Black "fazag"]
[Result "1-0"]
[WhiteElo "1755"]
[BlackElo "1586"]

1. e4 d5 2. exd5 Qxd5 3. Nf3 Bg4 4. Nc3 Qh5 5. Be2 Qg6 6. Ne5 Bxe2 7. Nxg6 Bxd1
8. Nxh8 Bh5 9. h3 g6 10. g4 Bg7 11. Nxf7 Kxf7 12. gxh5 Nc6 13. hxg6+ hxg6 14. d3
Nd4 15. Kd1 Rd8 16. Be3 Nf3 17. Nb5 Bxb2 18. Rb1 Bf6 19. Nxc7 Be5 20. Nb5 a6 21.
Na3 b5 22. Ke2 Nh4 23. Rb3 Nf6 24. Bg5 Nf5 25. Bxf6 exf6 26. c3 Ke6 27. d4 Bf4
28. Nc2 Rc8 29. Rg1 Kf7 30. Nb4 a5 31. Nd5 Bd6 32. Rxb5 a4 33. Rb7+ Ke6 34. Rb5
Rxc3 35. Nxc3 Nxd4+ 36. Kd3 Nxb5 37. Nxb5 Bc5 38. Rxg6 Bxf2 39. Rg2 Bh4 40. Rg4
Bg5 41. Rxa4 f5 42. Nd4+ Ke5 43. Ra5+ 1-0

[Event "AUTO-OPEN-923"]
[Site "http://www.queenalice.com/game.php?id=314549"]
[Date "2007.12.4"]
[Round "1"]
[White "fazag"]
[Black "Capixaba789"]
[Result "0-1"]
[WhiteElo "1577"]
[BlackElo "1668"]

1. d4 d5 2. Nc3 Nf6 3. Bg5 Nc6 4. e3 h6 5. Bxf6 exf6 6. Bb5 Bb4 7. Qd3 g6 8.
Bxc6+ bxc6 9. Ne2 a5 10. a3 Ba6 11. Qd2 Bd6 12. O-O Qd7 13. e4 Kf8 14. exd5 cxd5
15. Nxd5 Qe6 16. Nxc7 Bxc7 17. Rfe1 Qd6 18. c3 Qxh2+ 19. Kf1 Qh1# 0-1

[Event "AUTO-OPEN-923"]
[Site "http://www.queenalice.com/game.php?id=314578"]
[Date "2007.12.4"]
[Round "1"]
[White "Ikki_de_Fenix"]
[Black "fazag"]
[Result "1-0"]
[WhiteElo "2134"]
[BlackElo "1577"]

1. d4 d5 2. c4 c6 3. Nc3 Nf6 4. Nf3 Bf5 5. e3 e6 6. a3 b6 7. cxd5 exd5 8. Bd3
Qd7 9. Ne5 Qe6 10. Bxf5 Qxf5 11. Qa4 Qe6 12. O-O Bd6 13. Nxc6 Qd7 14. Ne5 Qxa4
15. Nxa4 O-O 16. Bd2 Bxe5 17. dxe5 Ne4 18. Bb4 Re8 19. Bd6 Nc6 20. Rac1 Nxe5 21.
Bxe5 Rxe5 22. Rc7 g6 23. Rfc1 b5 24. Nc3 Nxc3 25. R7xc3 Kg7 26. Rc7 a6 27. Rd7
Rae8 28. Rcc7 Rf8 29. g3 h5 30. Ra7 Kf6 31. Rxa6+ Kf5 32. Rb6 h4 33. Rxb5 hxg3
34. hxg3 Ke6 35. Rbb7 f5 36. a4 Rh8 37. Re7+ Kd6 38. Rxe5 Kxe5 39. a5 Ke4 40. b4
Kf3 41. a6 Rc8 42. Rb5 Rc1+ 43. Kh2 Kxf2 44. Rc5 Rg1 45. Rc2+ Kf1 46. Rc1+ Kf2
47. Rxg1 Kxe3 48. a7 1-0

[Event "AUTO-OPEN-923"]
[Site "http://www.queenalice.com/game.php?id=314579"]
[Date "2007.12.4"]
[Round "1"]
[White "fazag"]
[Black "Ikki_de_Fenix"]
[Result "0-1"]
[WhiteElo "1563"]
[BlackElo "2012"]

1. e4 c5 2. d4 cxd4 3. Qxd4 Nc6 4. Qe3 Nf6 5. Bc4 d6 6. Nf3 g6 7. Nc3 Bg7 8. O-O
O-O 9. Ng5 Ne5 10. Bb3 h6 11. f4 Neg4 12. Nxf7 Rxf7 13. Bxf7+ Kxf7 14. Qf3 Qb6+
15. Kh1 h5 16. h3 Nh6 17. b3 Kg8 18. Bb2 Bd7 19. Rfe1 Bc6 20. Qd3 Rf8 21. e5
dxe5 22. Qxg6 Be8 23. Qg3 Nf5 24. Qg5 Nh7 25. Nd5 Qd8 26. Nxe7+ Nxe7 27. Qg3 Nf5
28. Qc3 exf4 29. Qc4+ Bf7 30. Qxf4 Bxb2 31. Rab1 Bc3 32. Red1 Qf6 33. Rd7 Be5
34. Qf3 Ng3+ 0-1